000 00495nam a2200193 a 4500
001 2399
005 20140414132100.0
008 050601s19uu xx 00 eng d
020 _a0439750466
050 _aER
_bF194 2003
100 _aWilcox, Leah
245 _aFalling for Rapunzel.
260 _aNew York :
_bScholastic Inc,
_c2003.
300 _a1 v. p. : ill. ; cm.
440 _aClassic tales collection
650 _aFairy tales.
650 _aChildren stories.
999 _c114436
_d114436